Suma de teología IV : Parte II-II (b) /

La "Summa Theologiae" no sólo representa la cumbre de la ciencia teológica tal como se cultivaba en la universidad medieval, sino que es también obra cimera del pensamiento cristiano de todos los tiempos. En ella cristaliza, en maravillosa síntesis, todo el acervo de conocimientos teológicos, filosó...

Full description

Bibliographic Details
Main Author: Tomás de Aquino, Santo, 1225?-1274
Format: Libro
Language:Spanish
Published: Madrid Biblioteca de Autores Cristianos 2005
Edition:1a. ed. 4a. imp.
Series:BAC maior 45
Subjects:
Online Access:

MARC

LEADER 00000cam a2200000 a 4500
001 002893
003 UAHC_CL
005 20170803115858.0
008 081029s2005 sp 000 spa
020 |a 8479141182 
040 |a UAHC_CL  |c UAHC_CL  |d UAHC_CL 
082 0 4 |a 270.5  |b T655  |2 20 
100 1 |a Tomás  |c de Aquino, Santo,  |d 1225?-1274 
245 1 0 |a Suma de teología IV :  |b Parte II-II (b) /  |c Santo Tomás de Aquino. 
250 |a 1a. ed. 4a. imp. 
260 |b Biblioteca de Autores Cristianos  |a Madrid  |c 2005 
300 |a 748 p. 
490 0 |a BAC maior  |v 45 
520 |a La "Summa Theologiae" no sólo representa la cumbre de la ciencia teológica tal como se cultivaba en la universidad medieval, sino que es también obra cimera del pensamiento cristiano de todos los tiempos. En ella cristaliza, en maravillosa síntesis, todo el acervo de conocimientos teológicos, filosóficos, científicos, humanísticos y jurídicos que constituían lo más granado de la cultura en la segunda mitad del siglo XIII. En este sentido, descubrimos en esta obra un testimonio excepcional de la contribución de todos los saberes al esclarecimiento de la fe revelada. Por esta razón, la fuerza y la vitalidad de la Summa Theologiae son imperecederas y es inexcusable su lectura para quien desee conocer la teología católica. 
521 |a Derecho civil: persona teoría de la ley 
610 2 4 |a IGLESIA CATOLICA  |x DOCTRINAS  |v OBRAS ANTERIORES A 1800 
650 4 |a TEOLOGIA DOGMATICA  |v OBRAS ANTERIORES A 1800 
653 |a OB. DERECHO 
658 |a Ocampo, Hugo 
900 |a 270.5 TOM V.4 
942 |c BK 
952 |0 0  |1 0  |4 0  |6 270_500000000000000_TOM_V_4  |7 0  |8 General  |9 6365  |a BC  |b BC  |c General  |d 2017-08-03  |l 0  |o 270.5 TOM V.4  |p 1366817  |r 2026-01-07 00:00:00  |t 1  |w 2017-08-03  |y BK 
952 |0 0  |1 0  |4 0  |6 270_500000000000000_TOM_V_4  |7 0  |8 General  |9 6366  |a BC  |b BC  |c General  |d 2017-08-03  |l 0  |o 270.5 TOM V.4  |p 1366818  |r 2026-01-07 00:00:00  |t 2  |w 2017-08-03  |y BK 
952 |0 0  |1 0  |4 0  |6 270_500000000000000_TOM_V_4  |7 0  |8 General  |9 6367  |a BC  |b BC  |c General  |d 2017-08-03  |l 0  |o 270.5 TOM V.4  |p 1366819  |r 2026-01-07 00:00:00  |t 3  |w 2017-08-03  |y BK 
999 |c 2893  |d 2893